| 000 | 00468nam a2200169 a 4500 | ||
|---|---|---|---|
| 005 | 20140412111425.0 | ||
| 008 | 090224s19uu xx 00 eng d | ||
| 020 | _a971-518-125-9 | ||
| 050 |
_aFil E _bUg1 2007 |
||
| 100 | _aPastor, Boots | ||
| 245 |
_aThe Ugly duckling: Ang pangit na inakay / _cBoots S.A. Pastor. |
||
| 260 |
_aPhilippines : _bLampara, _c2007. |
||
| 300 | _aunp. | ||
| 440 | _aStories with moral lessons | ||
| 650 | _aPatience | ||
| 999 |
_c106213 _d106213 |
||